000 01428nam a2200349 a 4500
999 _c3377
_d3377
003 OSt
005 20231127115719.0
008 120629s2012 nyua j 6 000 f eng d
020 _a9781597073745
020 _a9781597073196
040 _dKH8
_beng
_cCaOL
082 _a741.5 STI
100 1 _aStilton, GerĂ³nimo.
_eAuthor
245 1 0 _aGeronimo Stilton.
_pGeronimo Stilton saves the Olympics /
_cby Geronimo Stilton ; [illustrations by Federica Salfo and color by Mirka Andolfo ; translation by Nanette McGuinness].
246 3 0 _aGeronimo Stilton saves the Olympics.
246 1 8 _aGeronimo Stilton graphic novel.
_pGeronimo Stilton saves the Olympics.
260 _aNew York :
_bPapercutz,
_cc2012.
300 _a54 p. :
_bchiefly col. ill. ;
_c24 cm.
490 1 _aGeronimo Stilton graphic novel :
_v#10.
500 _aTranslation of : Hai salvato le Olimpiadi, Stilton!
520 _aGeronimo and his friends travel back in time to the first modern Olympic Games in 1896 to keep the pirate cats from ruining the Games.
546 _aTranslated from the Italian.
600 1 0 _aStilton, Geronimo
_vJuvenile fiction.
650 0 _aOlympics
_vJuvenile fiction.
650 0 _aMice
_vJuvenile fiction.
650 7 _aGraphic novels.
_2genre.
651 0 _aGreece
_vJuvenile fiction.
700 1 _aSalfo, Federica.
700 1 _aAndolfo, Mirka.
830 0 _aGeronimo Stilton graphic novel :
_v#10.
942 _2ddc
_cFIC